Václav Kočí /

Hlavní autor: Kočí, Václav, 1981-
Další autoři: Zálešák, Jan, 1979-
Jazyk: Čeština
Angličtina
Vydáno: [Brno : s.n., 2013]
Témata:
Fyzický popis: [100] s. : il. (převážně barev.) ; 24 cm
Language note: Souběžný anglický text
Knihy
Uloženo v:
LEADER 01789nam a2200517 a 4500
001 nkc20132456920
003 CZ PrNK
005 20140123094458.0
007 ta
008 130418s2013 xr a e c 000 0 cze
015 |a cnb002456920 
020 |a 978-80-260-4254-9  |q (brož.) 
035 |a (OCoLC)864847386 
040 |a BOA001  |b cze 
041 1 |a cze  |a eng  |h cze 
043 |a e-xr--- 
045 |a y1y1 
072 7 |a 75  |x Malířství  |2 Konspekt  |9 21 
080 |a 75(437.3)  |2 MRF 
080 |a 7.038.1  |2 MRF 
080 |a (437.3)  |2 MRF 
080 |a (084.11)  |2 MRF 
100 1 |a Kočí, Václav,  |d 1981-  |7 mzk2013791065  |4 art 
245 1 0 |a Václav Kočí /  |c [texty Jan Zálešák] 
260 |a [Brno :  |b s.n.,  |c 2013] 
300 |a [100] s. :  |b il. (převážně barev.) ;  |c 24 cm 
500 |a Název ze hřbetu 
500 |a 400 výt. 
500 |a Některé s. složené 
546 |a Souběžný anglický text 
600 1 7 |a Kočí, Václav,  |d 1981-  |7 mzk2013791065  |2 czenas 
648 4 |a 2010-2013 
648 7 |a 21. století  |7 ch460559  |2 czenas 
650 0 7 |a české malířství  |7 ph116864  |y 21. století  |2 czenas 
650 0 7 |a geometrická abstrakce (umění)  |7 ph170417  |z Česko  |2 czenas 
650 0 9 |a Czech painting  |y 21st century  |2 eczenas 
650 0 9 |a geometric abstraction (art)  |z Czechia  |2 eczenas 
655 7 |a obrazové publikace  |7 fd132947  |2 czenas 
655 9 |a pictorial works  |2 eczenas 
700 1 |a Zálešák, Jan,  |d 1979-  |7 ola20040311001  |4 wfw 
910 2 |a BOA001  |b 2-1311.327 
990 |a BK 
995 |a 01 
991 |b 201311  |c NOV  |e n 
996 6 |b 2610566086  |c 2-1311.327  |l MZK  |r Sklad / do 1 hodiny  |n 1  |p p.v.  |w 001369732  |u 000010  |a 1  |e BOA001  |j MZK50  |s P 
996 7 |b 2610566087  |c 2-1311.327  |l MZK  |r Sklad / do 1 hodiny  |n 7  |p p.v.  |w 001369732  |u 000020  |a 1  |e BOA001  |j MZK50  |s A